La cola de los ingleses /

Guardado en:
Autor Principal: Pesce, Elena.
Otros Autores: Acosta, Patricia; il.
Formato: Libro
Publicado: Bogota : Norma, 1999.
Edición:1a reimp.
Series:Torre de Papel. Azul +9 años
Materias:
Etiquetas: Agregar Etiqueta
Sin Etiquetas, Sea el primero en etiquetar este registro!
LEADER 00715nam a22002415a 4500
001 CEM.cems019932
008 230327s1999##################000#0#####d
005 20230327121956.0
245 1 0 |a La cola de los ingleses /  |c Elena Pesce; ilustado por Patricia Acosta. 
250 |a 1a reimp. 
260 |a Bogota :  |b Norma,  |c 1999. 
300 |a 204 p. 
490 0 |a Torre de Papel. Azul +9 años 
020 |a 9580450331 
100 1 |a Pesce, Elena. 
700 1 |a Acosta, Patricia; il. 
082 0 4 |a U863.4 
653 |a Literatura 
653 |a Literatura Uruguaya 
653 |a Literatura Infantil 
653 |a Novelas 
653 |a Novelas infantiles 
859 |a CEMS  |b BIB. CEMS - Inicial y Primaria  |h U863.4  |i P473  |k IP  |p 6312  |t Ej.1